000 00738 a2200193 4500
003 Nust
005 20230131103259.0
010 _a45007587
040 _cNust
082 _a940.54,FER
100 _aFergusson, Bernard, Sir,
_9108168
245 _aBeyond the Chindwin :
_bbeing an account of the adventures of Number five column of the Wingate expedition into Burma, 1943 /
_cBernard Fergusson, with a foreword by Field-Marshal Earl Wavell.
260 _aLondon
_bCollins
_c1945
300 _a255 p
_bfront.,
_cillus
_e(maps) plates
_fports
_g21 cm
505 _aPart 1. Grand Entrance (Page-17), Part 2. Emergency Exit (Page-144).
600 _aFergusson, Bernard, Sir,
_9108168
650 _aWorld War-II Burma
_9108169
942 _2ddc
_cBK
999 _c187199
_d187199